[Event "Schachfestival Basel"]
[Site "?"]
[Date "2017.01.03"]
[Round "3.20"]
[White "Van Foreest, Jorden"]
[Black "Furman, Boris"]
[Result "1-0"]
[WhiteElo "2612"]
[BlackElo "2205"]
[PlyCount "163"]
[EventDate "2017.01.??"]
[EventType "swiss"]
[EventRounds "9"]

1. d4 Nf6 2. Nf3 d5 3. Bf4 c5 4. e3 Nc6 5. Nbd2 e6 6. c3 Bd6 7. Bg3 O-O 8. Bd3
b6 9. e4 dxe4 10. Nxe4 Nxe4 11. Bxe4 Bb7 12. dxc5 Bxc5 13. Qa4 Rc8 14. Rd1 Qe7
15. O-O f5 16. Bc2 e5 17. b4 e4 18. bxc5 exf3 19. Rfe1 Qg5 20. h4 Qh5 21. Rd7
f4 22. Bxf4 Qg4 23. Bg3 Qxd7 24. Qe4 g6 25. Bb3+ Kh8 26. Be6 Qg7 27. Bxc8 Rxc8
28. cxb6 axb6 29. Qxf3 Rf8 30. Qe3 b5 31. Qc5 Qf6 32. Re3 Qf5 33. Qb6 Ba8 34.
Kh2 Qd5 35. Qc7 Kg8 36. f3 Qxa2 37. Bd6 Qa7 38. Qxa7 Nxa7 39. Bxf8 Kxf8 40. Re5
Bc6 41. Kg3 Kf7 42. Kf4 h6 43. Re1 Kf6 44. Rd1 Ke6 45. Rd8 Kf7 46. Rb8 Ke7 47.
Rh8 Kf6 48. Rxh6 Kg7 49. Kg5 Be8 50. h5 gxh5 51. Rb6 Nc8 52. Rb7+ Kf8 53. Kf6
Nd6 54. Rh7 Kg8 55. Ra7 Nc4 56. Ke7 Bg6 57. Rb7 Ne3 58. Rxb5 Nxg2 59. Kf6 Kh7
60. Kg5 Kg7 61. f4 h4 62. f5 Be8 63. Rb7+ Kg8 64. f6 h3 65. Rg7+ Kf8 66. Rh7
Ne3 67. Rxh3 Nc4 68. Rh8+ Kf7 69. Rh7+ Kf8 70. Rc7 Nd6 71. c4 Ba4 72. c5 Ne8
73. Ra7 Bc6 74. Kf5 Bb5 75. Ke5 Bc6 76. Rh7 Ba4 77. f7 Nc7 78. Rh8+ Kxf7 79.
Rh7+ Ke8 80. Rxc7 Kd8 81. Kd6 Be8 82. Ra7 1-0

[Event "Schachfestival Basel"]
[Site "?"]
[Date "2017.01.03"]
[Round "3.21"]
[White "Pratyusha, Bodda"]
[Black "Antal, Tibor Kende"]
[Result "0-1"]
[WhiteElo "2247"]
[BlackElo "2420"]
[PlyCount "90"]
[EventDate "2017.01.??"]
[EventType "swiss"]
[EventRounds "9"]

1. d4 Nf6 2. c4 e6 3. Nc3 Bb4 4. Qc2 d6 5. Nf3 Nbd7 6. Bd2 O-O 7. a3 Bxc3 8.
Bxc3 Qe7 9. e3 b6 10. Be2 Bb7 11. O-O Ne4 12. Nd2 Nxc3 13. Qxc3 c5 14. Bf3 Nf6
15. Bxb7 Qxb7 16. Rfe1 Rac8 17. e4 cxd4 18. Qxd4 Rfd8 19. Rac1 h6 20. h3 a6 21.
Nf1 Qc6 22. b3 Qc5 23. Qb2 Qe5 24. Qb1 Rc7 25. Rcd1 a5 26. Nd2 Rcd7 27. b4 axb4
28. axb4 Ra8 29. Qb3 b5 30. Nf3 Qh5 31. e5 dxe5 32. Rxd7 Nxd7 33. Qd3 e4 34.
Rxe4 Qf5 35. Qd4 Nf6 36. Re1 bxc4 37. Qxc4 Rb8 38. Ne5 Nd5 39. b5 Qf4 40. Re4
Qd2 41. Nc6 Ra8 42. Qc5 Nc3 43. Ne7+ Kh7 44. Re5 Ra1+ 45. Kh2 Qf4+ 0-1

[Event "Schachfestival Basel"]
[Site "?"]
[Date "2017.01.03"]
[Round "3.22"]
[White "Kevlishvili, Robby"]
[Black "Sieber, Fiona"]
[Result "1-0"]
[WhiteElo "2417"]
[BlackElo "2203"]
[PlyCount "91"]
[EventDate "2017.01.??"]
[EventType "swiss"]
[EventRounds "9"]

1. e4 e5 2. Nf3 Nc6 3. Bb5 a6 4. Ba4 Nf6 5. d3 d6 6. c3 b5 7. Bc2 Be7 8. O-O
O-O 9. Re1 d5 10. Nbd2 dxe4 11. dxe4 Bc5 12. h3 Bb7 13. Qe2 Qe7 14. Nb3 Bb6 15.
Nh4 g6 16. Bg5 Kg7 17. Nf3 Nd8 18. a4 c6 19. Be3 Bxe3 20. Qxe3 Nd7 21. Red1 Ne6
22. Na5 Rab8 23. axb5 axb5 24. Qa7 Nec5 25. b4 Ra8 26. Rxd7 Nxd7 27. Qxb7 Rfb8
28. Qxc6 Rc8 29. Qd5 Nf6 30. Qd3 Nh5 31. Ra3 Rab8 32. g3 Qe6 33. Kg2 Nf6 34.
Nb3 Nd7 35. Na5 Rd8 36. Bb3 Qf6 37. Qd5 Rb6 38. Nb7 Rb8 39. Qxd7 R8xb7 40. Qd5
Rc7 41. Qd3 Qe7 42. Bd5 f6 43. Ra8 h6 44. Nh4 Kh7 45. Qf3 Qd6 46. Nxg6 1-0

[Event "Schachfestival Basel"]
[Site "?"]
[Date "2017.01.03"]
[Round "3.23"]
[White "Beukema, Stefan"]
[Black "Curien, Nicolas"]
[Result "1-0"]
[WhiteElo "2398"]
[BlackElo "2175"]
[PlyCount "57"]
[EventDate "2017.01.??"]
[EventType "swiss"]
[EventRounds "9"]

1. e4 e6 2. d4 d5 3. Nc3 Bb4 4. e5 Ne7 5. a3 Bxc3+ 6. bxc3 c5 7. Qg4 cxd4 8.
Qxg7 Rg8 9. Qxh7 Qc7 10. Ne2 dxc3 11. f4 Bd7 12. Qd3 Na6 13. Qxc3 Qxc3+ 14.
Nxc3 Rc8 15. Bd2 Nf5 16. Rb1 Nc5 17. g3 d4 18. Nd1 Bc6 19. Bb5 Bxb5 20. Rxb5 b6
21. Nf2 f6 22. exf6 Kf7 23. g4 Ne3 24. g5 Nxc2+ 25. Kd1 Nxa3 26. Rb4 Nc2 27.
Ng4 Nd3 28. Rb3 Ncb4 29. Rxb4 1-0

[Event "Schachfestival Basel"]
[Site "?"]
[Date "2017.01.03"]
[Round "3.24"]
[White "Heinemann, Josefine"]
[Black "Anwesh, Upadhyaya"]
[Result "0-1"]
[WhiteElo "2227"]
[BlackElo "2384"]
[PlyCount "92"]
[EventDate "2017.01.??"]
[EventType "swiss"]
[EventRounds "9"]

1. e4 e5 2. Nf3 Nc6 3. Bb5 a6 4. Ba4 Nf6 5. O-O b5 6. Bb3 Be7 7. d3 O-O 8. Nc3
d6 9. a3 Bg4 10. Be3 Qd7 11. h3 Bh5 12. Nd5 Nxd5 13. Bxd5 Bg6 14. d4 Rad8 15.
dxe5 dxe5 16. Qe2 Bf6 17. Rad1 Nd4 18. Bxd4 exd4 19. Nd2 c6 20. Ba2 d3 21. cxd3
Qxd3 22. Qxd3 Rxd3 23. Bb1 Rd7 24. Nb3 Rxd1 25. Rxd1 Bxb2 26. f4 f6 27. Rd6 Rc8
28. Na5 Bxa3 29. Rxc6 Rxc6 30. Nxc6 Bc5+ 31. Kf1 Bf7 32. Bd3 Be8 33. Na5 Bb6
34. Nb7 Bc6 35. Nd6 Bc5 36. e5 fxe5 37. fxe5 Bxd6 38. exd6 g6 39. h4 Kf7 40. g4
Ke6 41. h5 gxh5 42. g5 Kxd6 43. Bxh7 Ke7 44. Bg6 h4 45. Kg1 a5 46. Kh2 Bd7 0-1

[Event "Schachfestival Basel"]
[Site "?"]
[Date "2017.01.03"]
[Round "3.25"]
[White "Engel, Luis"]
[Black "Nguyen, Kevin"]
[Result "0-1"]
[WhiteElo "2373"]
[BlackElo "2122"]
[PlyCount "102"]
[EventDate "2017.01.??"]
[EventType "swiss"]
[EventRounds "9"]

1. c4 e5 2. g3 Nf6 3. Bg2 d6 4. Nc3 g6 5. Nf3 Bg7 6. O-O O-O 7. d4 Nbd7 8. b3
Qe7 9. Qd2 Re8 10. e3 Nf8 11. Ba3 e4 12. Ng5 Bf5 13. Rae1 Bh6 14. Nh3 Ne6 15.
d5 Nc5 16. Nf4 g5 17. Nfe2 Nd3 18. Rd1 Ne5 19. Qc2 Bg7 20. Nxe4 Nxe4 21. Nd4
Nf3+ 22. Bxf3 Bxd4 23. Rxd4 Nxg3 24. e4 Nxf1 25. exf5 Nxh2 26. Bd1 g4 27. Bb2
Qh4 28. Qc3 Re5 29. Re4 Rae8 30. c5 f6 31. Rxe5 Rxe5 32. cxd6 Nf3+ 33. Bxf3
gxf3 34. Qxf3 Re1+ 35. Kg2 Qh1+ 36. Kg3 Qxf3+ 37. Kxf3 cxd6 38. Bxf6 Kf7 39.
Bc3 Rd1 40. Ke4 h5 41. Bb4 Ke7 42. f6+ Kxf6 43. Bxd6 Rd2 44. Be5+ Kf7 45. Bd4
Rxa2 46. Kf4 a5 47. Ke5 h4 48. d6 h3 49. Bc5 h2 50. d7 Rd2 51. Bd6 Rxd6 0-1

[Event "Schachfestival Basel"]
[Site "?"]
[Date "2017.01.03"]
[Round "3.26"]
[White "Halfhide, Sebastian"]
[Black "Heinz, Timothee"]
[Result "0-1"]
[WhiteElo "2222"]
[BlackElo "2346"]
[PlyCount "116"]
[EventDate "2017.01.??"]
[EventType "swiss"]
[EventRounds "9"]

1. e4 e6 2. d3 d5 3. Nd2 Nf6 4. g3 dxe4 5. dxe4 e5 6. Ngf3 Nc6 7. Bg2 Bc5 8.
O-O O-O 9. c3 a5 10. Qc2 b6 11. Nc4 Qe8 12. Be3 Nd7 13. Bxc5 Nxc5 14. Ne3 f6
15. Nd5 Qf7 16. Nh4 Be6 17. Rad1 Rad8 18. Rd2 Na7 19. b3 b5 20. Rfd1 g6 21. Qc1
Kg7 22. Qa3 Nb7 23. Nf3 c6 24. Ne3 Rxd2 25. Rxd2 Nc8 26. Ne1 Nb6 27. Bf1 Ra8
28. Nd3 a4 29. Nc5 axb3 30. Nxe6+ Qxe6 31. Qxb3 Qxb3 32. axb3 Ra3 33. c4 b4 34.
Rb2 Nc5 35. Nc2 Rxb3 36. Rxb3 Nxb3 37. Nxb4 Nd4 38. Kg2 Kf8 39. f3 Ke7 40. Kf2
Kd6 41. Ke3 Na4 42. f4 Nc5 43. Bd3 Kc7 44. Na2 Kb6 45. Nc3 Ka5 46. Nd1 Kb4 47.
Nf2 Ndb3 48. Ng4 Nd7 49. Nh6 Na5 50. Ng8 Nxc4+ 51. Bxc4 Kxc4 52. Ne7 c5 53. g4
g5 54. fxg5 fxg5 55. Nf5 Kb3 56. Kd2 c4 57. Nd6 c3+ 58. Kc1 Nc5 0-1

[Event "Schachfestival Basel"]
[Site "?"]
[Date "2017.01.03"]
[Round "3.27"]
[White "Tschann, Stephan"]
[Black "Zwahr, Paul"]
[Result "1/2-1/2"]
[WhiteElo "2208"]
[BlackElo "2325"]
[PlyCount "58"]
[EventDate "2017.01.??"]
[EventType "swiss"]
[EventRounds "9"]

1. d4 d5 2. c4 dxc4 3. e3 e5 4. Bxc4 exd4 5. exd4 Bd6 6. Nf3 Nf6 7. O-O O-O 8.
Nc3 Nc6 9. Bg5 h6 10. Bh4 Bg4 11. d5 Ne5 12. Be2 Ng6 13. Bg3 Bxg3 14. fxg3 Re8
15. h3 Bxf3 16. Rxf3 Qd6 17. Qd2 Re5 18. Raf1 Rae8 19. Bd3 Nxd5 20. Rxf7 Nb4
21. R7f3 Qc5+ 22. Kh2 Nxd3 23. Qxd3 Nf8 24. Qc2 Ne6 25. Qg6 Ng5 26. Rf7 Ne6 27.
R1f6 Rg5 28. Qd3 Rd8 29. Rd7 Rxd7 1/2-1/2

[Event "Schachfestival Basel"]
[Site "?"]
[Date "2017.01.03"]
[Round "3.28"]
[White "Faibisovich, Vadim Z"]
[Black "Bethke, Richard"]
[Result "1-0"]
[WhiteElo "2320"]
[BlackElo "2055"]
[PlyCount "85"]
[EventDate "2017.01.??"]
[EventType "swiss"]
[EventRounds "9"]

1. d4 d5 2. Nf3 Nf6 3. g3 e6 4. Bg2 Be7 5. O-O O-O 6. Nbd2 Nbd7 7. c4 c6 8. Qc2
b6 9. e4 dxe4 10. Nxe4 Bb7 11. Rd1 Nxe4 12. Qxe4 Nf6 13. Qe2 Rc8 14. Bf4 Bd6
15. Ne5 Qe7 16. Bg5 Qd8 17. Rac1 Be7 18. h4 Nd7 19. Bf4 Nxe5 20. Bxe5 Bd6 21.
c5 Bxe5 22. dxe5 Qe7 23. b4 Rfd8 24. Rd6 Rxd6 25. cxd6 Qd7 26. Qe4 Rb8 27. Qd4
Rc8 28. a4 Ba8 29. a5 c5 30. bxc5 Bxg2 31. Kxg2 Qc6+ 32. Kh2 bxc5 33. Rxc5 Qxc5
34. d7 Qf8 35. dxc8=R Qxc8 36. Qxa7 h6 37. a6 g5 38. Qb7 Qc2 39. Kg2 gxh4 40.
a7 h3+ 41. Kxh3 Qxf2 42. a8=Q+ Kg7 43. Qf3 1-0

[Event "Schachfestival Basel"]
[Site "?"]
[Date "2017.01.03"]
[Round "3.29"]
[White "Xheladini, Mahmut"]
[Black "Beeke, Bob"]
[Result "0-1"]
[WhiteElo "2171"]
[BlackElo "2315"]
[PlyCount "134"]
[EventDate "2017.01.??"]
[EventType "swiss"]
[EventRounds "9"]

1. e4 e5 2. Nf3 Nc6 3. Bb5 Nf6 4. O-O Nxe4 5. Re1 Nd6 6. Nxe5 Be7 7. Ba4 Nxe5
8. Rxe5 O-O 9. d4 Nc4 10. Re1 d5 11. Nd2 Nd6 12. Nf1 c6 13. c3 Bf5 14. Ng3 Bg6
15. Bc2 Qd7 16. b3 Rfe8 17. Ba3 Bf6 18. Qd2 Bxc2 19. Qxc2 g6 20. Bxd6 Qxd6 21.
Re3 Rxe3 22. fxe3 Bh4 23. Nf1 Re8 24. Qd3 Qf6 25. Qc2 Re4 26. Rd1 Qe6 27. Rd3
h5 28. Qe2 Bg5 29. Kf2 Qf6+ 30. Qf3 Bxe3+ 31. Rxe3 Rf4 32. Nd2 Rxf3+ 33. Nxf3
Kf8 34. Ke2 Qf5 35. Rd3 f6 36. b4 Qe4+ 37. Kd2 Qg4 38. g3 Qh3 39. Ke3 g5 40.
Rd2 h4 41. Kf2 Qf5 42. Ke3 h3 43. Rf2 Kg7 44. Rd2 Kg6 45. Rf2 Qe4+ 46. Kd2 Qb1
47. Ke3 Kh5 48. a3 Qc1+ 49. Kd3 Qxa3 50. Nd2 Qa6+ 51. Kc2 Kg6 52. g4 Qa2+ 53.
Kd3 Qa1 54. Rf1 Qa6+ 55. Ke3 Qa3 56. Kd3 b5 57. Nb1 Qa2 58. Nd2 a5 59. bxa5
Qxa5 60. Nb3 Qa3 61. Rb1 Qd6 62. Rb2 Qf4 63. Na5 Qe4+ 64. Kd2 Qg2+ 65. Kc1 Qh1+
66. Kc2 Qxh2+ 67. Kb3 Qxb2+ 0-1

[Event "Schachfestival Basel"]
[Site "?"]
[Date "2017.01.03"]
[Round "3.30"]
[White "Schmitz, Thorsten"]
[Black "Faraone, Ettore"]
[Result "1-0"]
[WhiteElo "2314"]
[BlackElo "2033"]
[PlyCount "137"]
[EventDate "2017.01.??"]
[EventType "swiss"]
[EventRounds "9"]

1. e4 e5 2. Nf3 Nc6 3. Nc3 Nf6 4. g3 Bc5 5. Bg2 O-O 6. d3 h6 7. O-O a6 8. Nxe5
Nxe5 9. d4 Bd6 10. dxe5 Bxe5 11. Qd3 c6 12. a4 a5 13. h3 d5 14. exd5 Nxd5 15.
Nxd5 cxd5 16. Rd1 Qf6 17. c3 Be6 18. Be3 Rfd8 19. Bd4 Bxd4 20. Qxd4 Qe7 21. Qe3
Qc7 22. Rd4 Ra6 23. Rad1 Rad6 24. Qd2 Qc8 25. Kh2 R6d7 26. Qf4 Qc5 27. Bf1 Qb6
28. R1d2 Re7 29. Bg2 Red7 30. Qe5 Kf8 31. Qe1 Qc5 32. Bf1 Re7 33. Qd1 Red7 34.
Bb5 Rd6 35. Bf1 Ke7 36. Bg2 Qb6 37. Qe2 Kf8 38. Qd3 Kg8 39. Qc2 R6d7 40. Qd1
Qc7 41. Bxd5 Bxd5 42. Rxd5 Rxd5 43. Rxd5 Re8 44. Qd4 b6 45. Rd6 Rb8 46. Rd7 Qc6
47. Qf4 Rf8 48. Rc7 Qe6 49. b4 Qe2 50. b5 g5 51. Qd4 Re8 52. Rd7 Qf3 53. Rd8
Rxd8 54. Qxd8+ Kg7 55. Qd4+ f6 56. c4 h5 57. Qe3 Qd1 58. Qxb6 Qxa4 59. Qb7+ Kh6
60. Qc6 Qa1 61. b6 Qb2 62. Kg2 a4 63. Qxa4 Qxb6 64. Qb5 Qd4 65. Qd5 Qxd5+ 66.
cxd5 Kg6 67. g4 hxg4 68. hxg4 f5 69. d6 1-0

[Event "Schachfestival Basel"]
[Site "?"]
[Date "2017.01.03"]
[Round "3.31"]
[White "Braeunlin, Klaus"]
[Black "Eichler, Christoph"]
[Result "1/2-1/2"]
[WhiteElo "1965"]
[BlackElo "2312"]
[PlyCount "142"]
[EventDate "2017.01.??"]
[EventType "swiss"]
[EventRounds "9"]

1. e4 e5 2. Nf3 Nc6 3. Bc4 Nf6 4. d3 Be7 5. O-O O-O 6. c3 d6 7. h3 Na5 8. Bb5
a6 9. Ba4 b5 10. Bc2 c5 11. Bg5 Nc6 12. a3 h6 13. Bh4 Be6 14. Bg3 Rc8 15. Nbd2
Nd7 16. Re1 Re8 17. Nf1 Nb6 18. Ne3 Qd7 19. b3 Bf6 20. Rb1 d5 21. exd5 Nxd5 22.
Nxd5 Bxd5 23. Nd2 Rcd8 24. Ne4 Be7 25. b4 c4 26. dxc4 Bxc4 27. Qh5 Qe6 28. Rbd1
a5 29. Nd2 Bd3 30. Bb3 Qg6 31. Qf3 axb4 32. axb4 Bf5 33. Bd5 Rc8 34. Bxc6 Rxc6
35. Rxe5 Bc8 36. Rde1 Re6 37. Rxe6 Bxe6 38. Qb7 Qd3 39. Ne4 Bf8 40. Qc7 Rc8 41.
Qe5 Qd5 42. f3 Ra8 43. Qxd5 Bxd5 44. Be5 f6 45. Bd4 Kf7 46. Kf2 Ra2+ 47. Re2
Rxe2+ 48. Kxe2 f5 49. Nd2 g6 50. Kf2 Ba2 51. f4 Bd5 52. g3 Ke6 53. Be5 Be7 54.
h4 h5 55. Bd4 Bd8 56. Ke3 Ba2 57. Nf3 Bc7 58. Bc5 Kd5 59. Ng5 Bd8 60. Nh7 Ke6
61. Nf8+ Kf7 62. Nd7 Ke6 63. Ne5 Bf6 64. Kd4 Bxe5+ 65. fxe5 Bc4 66. Bd6 Kf7 67.
Bc7 Ke6 68. Bd8 Kd7 69. Bf6 Ke6 70. Kc5 Kf7 71. Kd6 Be6 1/2-1/2

[Event "Schachfestival Basel"]
[Site "?"]
[Date "2017.01.03"]
[Round "3.32"]
[White "Meier, Volker"]
[Black "Pajeken, Jakob Leon"]
[Result "1-0"]
[WhiteElo "2284"]
[BlackElo "1977"]
[PlyCount "59"]
[EventDate "2017.01.??"]
[EventType "swiss"]
[EventRounds "9"]

1. c4 e6 2. Nf3 d5 3. g3 g6 4. Bg2 Bg7 5. O-O Ne7 6. d4 O-O 7. Qc2 b6 8. Rd1
Bb7 9. cxd5 exd5 10. Bf4 Na6 11. Nc3 c6 12. a3 Nc7 13. Be5 Bh6 14. e4 Ne6 15.
Bh3 Bc8 16. Bf6 dxe4 17. Qxe4 Bg7 18. Bxg7 Nxg7 19. Bg2 Bf5 20. Qh4 f6 21. g4
g5 22. Qg3 Be6 23. h4 Ng6 24. hxg5 fxg5 25. Ne5 Nxe5 26. dxe5 Qc8 27. Ne4 Rf4
28. Nf6+ Kf8 29. Qh3 h5 30. Qd3 1-0

[Event "Schachfestival Basel"]
[Site "?"]
[Date "2017.01.03"]
[Round "3.33"]
[White "Kaeppeli, Adriano"]
[Black "Rahnfeld, Jens"]
[Result "0-1"]
[WhiteElo "1952"]
[BlackElo "2274"]
[PlyCount "56"]
[EventDate "2017.01.??"]
[EventType "swiss"]
[EventRounds "9"]

1. e4 c5 2. Nf3 d6 3. d4 cxd4 4. Nxd4 Nf6 5. Nc3 a6 6. Bg5 Nbd7 7. f4 Qc7 8.
Qf3 b5 9. Bd3 Bb7 10. O-O-O g6 11. Bxf6 Nxf6 12. g4 Bg7 13. f5 Nd7 14. fxg6
hxg6 15. Nce2 Qc5 16. Qf2 Qg5+ 17. Kb1 Qxg4 18. Rdf1 Bf6 19. Rhg1 Qh5 20. Nf4
Qe5 21. c3 Nc5 22. Bc2 Nxe4 23. Bxe4 Bxe4+ 24. Ka1 g5 25. Re1 gxf4 26. Nc6 Qd5
27. Nb4 Qc5 28. Qxf4 Qxc3 0-1

[Event "Schachfestival Basel"]
[Site "?"]
[Date "2017.01.03"]
[Round "3.34"]
[White "Arcuti, Davide"]
[Black "Cholleti, Sahajasri"]
[Result "1/2-1/2"]
[WhiteElo "2269"]
[BlackElo "1987"]
[PlyCount "86"]
[EventDate "2017.01.??"]
[EventType "swiss"]
[EventRounds "9"]

1. d4 Nf6 2. c4 e6 3. Nc3 Bb4 4. Qc2 O-O 5. a3 Bxc3+ 6. Qxc3 b6 7. Bg5 Bb7 8.
e3 d6 9. Ne2 Nbd7 10. Qc2 c5 11. Rd1 Qc7 12. Nc3 a6 13. Qd2 d5 14. cxd5 Nxd5
15. Nxd5 Bxd5 16. f3 cxd4 17. Qxd4 Qe5 18. Qxe5 Nxe5 19. e4 Bc4 20. Bf4 Bxf1
21. Rxf1 Nc4 22. Rf2 e5 23. Bc1 Rfd8 24. Rc2 Rxd1+ 25. Kxd1 Rd8+ 26. Ke2 b5 27.
b3 Na5 28. Rc3 f6 29. Bd2 Kf8 30. Be3 Rb8 31. Ba7 Ra8 32. Bb6 Nb7 33. a4 bxa4
34. bxa4 Nd8 35. Kd3 Ne6 36. g3 Ke7 37. a5 Kd7 38. Ke3 Rc8 39. Rd3+ Ke7 40. Kd2
Rc4 41. h4 Nd4 42. Bxd4 exd4 43. Rb3 Ra4 1/2-1/2

[Event "Schachfestival Basel"]
[Site "?"]
[Date "2017.01.03"]
[Round "3.35"]
[White "Biastoch, Bennet"]
[Black "Benkovic, Petar"]
[Result "0-1"]
[WhiteElo "2134"]
[BlackElo "2424"]
[PlyCount "42"]
[EventDate "2017.01.??"]
[EventType "swiss"]
[EventRounds "9"]

1. e4 c5 2. Nf3 e6 3. d4 cxd4 4. Nxd4 a6 5. Nc3 b5 6. a3 Bb7 7. Bd3 d6 8. O-O
Nf6 9. Be3 Nbd7 10. f4 Rc8 11. Qe1 Be7 12. Qg3 g6 13. Rae1 Nc5 14. e5 Nd5 15.
Nxd5 Bxd5 16. f5 Bh4 17. Qf4 Nxd3 18. cxd3 dxe5 19. Qxe5 f6 20. Nxe6 fxe5 21.
Nxd8 Bxe1 0-1

[Event "Schachfestival Basel"]
[Site "?"]
[Date "2017.01.03"]
[Round "3.36"]
[White "Botta, Gabriele"]
[Black "Ditter, Juergen"]
[Result "1-0"]
[WhiteElo "2377"]
[BlackElo "2140"]
[PlyCount "97"]
[EventDate "2017.01.??"]
[EventType "swiss"]
[EventRounds "9"]

1. e4 e5 2. Nf3 Nc6 3. Bb5 f5 4. Nc3 fxe4 5. Nxe4 d5 6. Nxe5 dxe4 7. Nxc6 Qd5
8. c4 Qd6 9. Nxa7+ Bd7 10. Bxd7+ Qxd7 11. Nb5 Nf6 12. O-O Bc5 13. d4 exd3 14.
Re1+ Kf7 15. Be3 Bxe3 16. Rxe3 Rad8 17. Qd2 Rhe8 18. Rd1 Rxe3 19. Qxe3 Qg4 20.
Nc3 Qxc4 21. h3 b5 22. a3 c5 23. f3 b4 24. axb4 Qxb4 25. Rxd3 Rxd3 26. Qxd3
Qxb2 27. Qc4+ Kg6 28. Qxc5 Qc1+ 29. Kf2 Qc2+ 30. Kg3 Qc1 31. Qc7 h5 32. Kh2 h4
33. Qc4 Qe1 34. Qd3+ Kh6 35. Ne2 Nh5 36. Qe3+ Kh7 37. Qe4+ Kh6 38. Qe3+ Kh7 39.
Qg5 g6 40. Qe7+ Ng7 41. f4 Kh6 42. Qe5 Kh7 43. Nd4 Qf2 44. Nf3 Kg8 45. Qb8+ Kf7
46. Ne5+ Ke6 47. Qc8+ Kd5 48. Qc4+ Kd6 49. Qc6+ 1-0

[Event "Schachfestival Basel"]
[Site "?"]
[Date "2017.01.03"]
[Round "3.37"]
[White "Jaber, Daniel"]
[Black "Kozak, Adam"]
[Result "1/2-1/2"]
[WhiteElo "2135"]
[BlackElo "2376"]
[PlyCount "68"]
[EventDate "2017.01.??"]
[EventType "swiss"]
[EventRounds "9"]

1. d4 Nf6 2. Nf3 d5 3. Bf4 c5 4. e3 Nc6 5. c3 Qb6 6. Qb3 c4 7. Qc2 Bf5 8. Qc1
e6 9. Be2 Qd8 10. Nbd2 h6 11. h3 Be7 12. O-O O-O 13. Ne5 Qc8 14. g4 Bh7 15. Bg3
Nxe5 16. Bxe5 b5 17. Bxf6 Bxf6 18. f4 Rb8 19. a3 a5 20. Rf2 b4 21. axb4 axb4
22. Bf3 Qc7 23. Rg2 bxc3 24. bxc3 Rb5 25. g5 hxg5 26. fxg5 Be7 27. Bd1 Bf5 28.
Bg4 Bxg5 29. Nf3 Bf6 30. Bxf5 exf5 31. Qc2 Qd7 32. Ra6 Be7 33. Ne5 Qb7 34. Ra1
Qc8 1/2-1/2

[Event "Schachfestival Basel"]
[Site "?"]
[Date "2017.01.03"]
[Round "3.38"]
[White "Ramaraju, N."]
[Black "Nandhidhaa, PV."]
[Result "0-1"]
[WhiteElo "2124"]
[BlackElo "2268"]
[PlyCount "74"]
[EventDate "2017.01.??"]
[EventType "swiss"]
[EventRounds "9"]

1. d4 d5 2. Nc3 Nf6 3. Bf4 c6 4. e3 g6 5. f3 Bg7 6. Qd2 O-O 7. g4 Nbd7 8. h4 h5
9. g5 Ne8 10. e4 Nb6 11. O-O-O Nc7 12. e5 Be6 13. b3 Nd7 14. Be3 b5 15. f4 a5
16. a4 Qb8 17. Bd3 Nb6 18. Qf2 bxa4 19. bxa4 Nc4 20. Bxc4 dxc4 21. Nge2 Nd5 22.
Kd2 Nb4 23. Rc1 Bf5 24. Qg2 Rd8 25. Ne4 Qa7 26. Ke1 Rab8 27. Kf2 Nd5 28. N4g3
Bg4 29. Qe4 Rb4 30. f5 gxf5 31. Nxf5 Bxe2 32. Nh6+ Bxh6 33. gxh6 Bg4 34. Rhg1
Nxe3 35. Kxe3 Qd7 36. Rg2 c3 37. Rd1 Kh8 0-1

[Event "Schachfestival Basel"]
[Site "?"]
[Date "2017.01.03"]
[Round "3.39"]
[White "Martig, Markus"]
[Black "Haag, Gregor"]
[Result "0-1"]
[WhiteElo "2104"]
[BlackElo "2251"]
[PlyCount "52"]
[EventDate "2017.01.??"]
[EventType "swiss"]
[EventRounds "9"]

1. Nf3 d5 2. c4 e6 3. g3 dxc4 4. Qa4+ Nd7 5. Qxc4 a6 6. Bg2 b5 7. Qc2 Bb7 8.
O-O c5 9. d3 Ngf6 10. a4 Be7 11. axb5 axb5 12. Rxa8 Qxa8 13. Na3 Bc6 14. Ne1
Nd5 15. Bd2 O-O 16. Qb1 h6 17. Nac2 Qb7 18. e4 N5f6 19. f4 Rd8 20. Ne3 Nb6 21.
e5 Nfd5 22. f5 Nxe3 23. Bxe3 exf5 24. Rxf5 Qd7 25. Rh5 Bxg2 26. Kxg2 Qg4 0-1

[Event "Schachfestival Basel"]
[Site "?"]
[Date "2017.01.03"]
[Round "3.40"]
[White "Kokje, Joris"]
[Black "Kappeler, Kaspar"]
[Result "0-1"]
[WhiteElo "2093"]
[BlackElo "2241"]
[PlyCount "34"]
[EventDate "2017.01.??"]
[EventType "swiss"]
[EventRounds "9"]

1. d4 d5 2. c4 e6 3. Nf3 Nf6 4. g3 dxc4 5. Bg2 c5 6. O-O Nc6 7. Qa4 Bd7 8. Qxc4
b5 9. Qb3 cxd4 10. Rd1 Qb6 11. Nxd4 Nxd4 12. Rxd4 Rc8 13. Be3 Bc5 14. Rd3 Bxe3
15. Rxe3 Rc1+ 16. Bf1 Ng4 17. Rf3 Bc6 0-1

[Event "Schachfestival Basel"]
[Site "?"]
[Date "2017.01.03"]
[Round "3.41"]
[White "Schmider, Niklas"]
[Black "Ruff, Maximilian"]
[Result "0-1"]
[WhiteElo "2065"]
[BlackElo "2228"]
[PlyCount "82"]
[EventDate "2017.01.??"]
[EventType "swiss"]
[EventRounds "9"]

1. e4 c5 2. Nf3 e6 3. d4 cxd4 4. Nxd4 a6 5. Bd3 Nc6 6. Nxc6 dxc6 7. Nd2 Qc7 8.
O-O Nf6 9. Nc4 b5 10. Ne3 Bd6 11. Kh1 O-O 12. c4 Rd8 13. Qc2 Bb7 14. g3 c5 15.
f3 b4 16. Rd1 Be5 17. Ng2 h5 18. Be3 Rd7 19. Rd2 Rad8 20. Rad1 Qa5 21. Qb3 Bc6
22. Bc2 Bd4 23. Bg5 Qc7 24. Bf4 Qb7 25. Bb1 a5 26. Qc2 a4 27. Qc1 Nh7 28. Rd3
Nf8 29. Nh4 f6 30. Be3 Qc7 31. Qd2 Qd6 32. Qe2 g5 33. Ng2 Ng6 34. R3d2 Qe7 35.
Qf2 Ne5 36. Qe2 g4 37. fxg4 hxg4 38. Bf4 Nf3 39. Rd3 Qh7 40. Rxf3 gxf3 41. Qxf3
Bxb2 0-1

[Event "Schachfestival Basel"]
[Site "?"]
[Date "2017.01.03"]
[Round "3.42"]
[White "Lumsdon, Andrew"]
[Black "Vulevic, Vjekoslav"]
[Result "1/2-1/2"]
[WhiteElo "1994"]
[BlackElo "2225"]
[PlyCount "134"]
[EventDate "2017.01.??"]
[EventType "swiss"]
[EventRounds "9"]

1. e4 c5 2. Na3 a6 3. g3 b5 4. Bg2 Bb7 5. c3 Nf6 6. Qe2 e5 7. Nc2 g6 8. Nh3 Bg7
9. O-O O-O 10. d3 d5 11. a4 bxa4 12. Rxa4 Nbd7 13. b4 Qc7 14. Bg5 dxe4 15. dxe4
Bc6 16. Rxa6 Rxa6 17. Qxa6 Nxe4 18. Be3 Bb7 19. Qa3 Ra8 20. Qb2 cxb4 21. cxb4
Nc3 22. Re1 Bxg2 23. Kxg2 Qc6+ 24. Kg1 Qc4 25. Na3 Qd3 26. Nb1 Nb5 27. Qd2 Qf5
28. Kg2 Nd4 29. Bxd4 exd4 30. Nf4 Ne5 31. Qe2 Qd7 32. Qe4 Rd8 33. Nd2 Qb5 34.
Rb1 f5 35. Qc2 Bh6 36. Qc5 Qxc5 37. bxc5 Bxf4 38. gxf4 Nd3 39. c6 Nxf4+ 40. Kf3
Nd5 41. Rb7 Rc8 42. Rd7 Nf6 43. Rd6 Kf7 44. Nc4 Ke7 45. Rxd4 Rxc6 46. Ne3 Ke6
47. Rc4 Ra6 48. Rc7 g5 49. h3 Ra3 50. Rc6+ Kf7 51. Kg2 Nh5 52. Rc7+ Ke6 53.
Rxh7 Nf4+ 54. Kg1 Ra1+ 55. Kh2 Nd3 56. h4 g4 57. Rh6+ Ke5 58. Rh5 Ke4 59. Rxf5
Ne1 60. Kg3 Nd3 61. Kxg4 Rg1+ 62. Kh5 Nf4+ 63. Kh6 Rh1 64. h5 Kf3 65. Nd5 Rxh5+
66. Rxh5 Nxh5 67. Kxh5 Kxf2 1/2-1/2

[Event "Schachfestival Basel"]
[Site "?"]
[Date "2017.01.03"]
[Round "3.44"]
[White "Schultze, Joerg Martin"]
[Black "Jakel, Wolfgang"]
[Result "0-1"]
[WhiteElo "1984"]
[BlackElo "2223"]
[PlyCount "78"]
[EventDate "2017.01.??"]
[EventType "swiss"]
[EventRounds "9"]

1. d4 d5 2. c4 e6 3. Nc3 c5 4. cxd5 exd5 5. Nf3 Nc6 6. g3 Nf6 7. Bg5 cxd4 8.
Nxd4 Be7 9. Bg2 O-O 10. O-O Re8 11. e3 Be6 12. Rc1 h6 13. Bxf6 Bxf6 14. Nxc6
bxc6 15. Na4 Qd6 16. Qd2 Reb8 17. b3 Rb5 18. e4 Rd8 19. Rfd1 Bg4 20. f3 Bg5 21.
f4 Bxd1 22. Rxd1 Be7 23. exd5 cxd5 24. Nc3 Qb6+ 25. Kh1 Bb4 26. Bxd5 Rbxd5 27.
Nxd5 Bxd2 28. Nxb6 axb6 29. Kg2 Rd4 30. Kf3 Bc3 31. Rc1 Bb4 32. Rc8+ Kh7 33.
Rc4 Rxc4 34. bxc4 Kg6 35. Ke4 Kh5 36. h3 Be1 37. Kf3 Kg6 38. g4 Kf6 39. Ke4 Ke6
0-1